000 01020nam a2200301 i 4500
001 000016142
003 DO-SdBNP
005 20250502073820.0
007 ta
008 100226s1978 dr a 001 0 spa d
040 _aDO-SdBNP
_bspa
_cBNPHU
_erda
082 _a658.306
_bA485c
_222
100 1 _aAmaro Guzmán, Raymundo
_d1934-2018
_9656
245 1 0 _aClasificación de puestos y administración de sueldos y salarios /
_cRaymundo Amaro Guzmán.
260 _c1978.
264 _aSanto Domingo :
_bONAP,
_c1978.
300 _a107 paginas :
_bilustraciones ;
_c22 cm.
336 _2rdacontent
_atexto
_btxt
337 _2rdamedia
_asin mediación
_bn
338 _2rdacarrier
_avolumen
_bnc
490 1 _aONAP. Colección estudios administrativos ;
_v42
590 _aInventariado, 2023/DG
650 4 _aEmpleo
_xClasificación
_936136
650 4 _aSalarios
_xAdministración
_936137
710 1 _aRepública Dominicana.
_bOficina Nacional de Administración y Personal
_926398
910 _aDG
942 _2ddc
_cLBS1
999 _c55350
_d55350